000 01893cad a22002295a 4500
001 L157313
008 121016s2020 xxk 000 0 eng d
020 _a9780717665273 9 (previous 4th ed, no ISBN for 5th)
035 _a(Sirsi) u157313
041 0 _aeng
110 2 _aGreat Britain
_bHealth and Safety Executive
245 0 0 _aHealth and safety in roof work
_h[electronic resource]
250 _a5th
260 _a[S.l.]
_bHSE
_c2020
505 _aWhy is this guidance needed? -- The law -- Planning for safety -- Hierarchy for work at height -- Training and competency -- Method statements -- Fragility -- Safe access to the roof -- Safe place of work on the roof -- Weather conditions -- Electricity at work -- Escape in case of fire -- Types of work -- Types of roof -- Protecting the public -- Dealing with health risks -- Training and competence for roof workers -- Construction (Design and Management) Regulations 2015 -- The role of the client -- The role of the designer -- CDM co-ordinators -- Principal contractors -- Contractors and subcontractors
520 _aThe aim of this book is to help all those involved in construction, specifically roof work activities (including activities often not considered as roof work, such as maintenance and surveying), to identify the main causes of accidents and ill health and to explain how to identify the hazards and prevent or control the risks. The guidance is simple and will have general relevance to everyone in the construction process, but particularly to those directly involved in roof work. It refers to other documents, some relevant to particular groups, depending on the subject they address.
650 _aROOFS
651 4 _aGreat Britain
690 _aHealth and safety
_96244
856 4 0 _uhttps://www.hse.gov.uk/pubns/priced/hsg33.pdf
_zView the report free of charge at www.www.hse.gov.uk
942 _n0
_2ddc
999 _c114718
_d114718